000
00261nam a22001217a 4500
008
180226b xxu||||| |||| 00| 0 eng d
041
_a
eng
080
_a
615
100
_a
50
101
_a
soc
245
_a
raising good children
_c
thomas.l
942
_2
udc
_c
BK
999
_c
43458
_d
43458